| 000 | 00367nam a22001217a 4500 | ||
|---|---|---|---|
| 082 |
_a347.5491052 _bSHE |
||
| 100 | _aSerazi, Syed Muhammad Aala Imran | ||
| 245 |
_aCommentaries on The Limitation Act 1908/ _cSyed Muhammad Aala Imran Serazi |
||
| 260 |
_aLahore: _bImran Law Book House, _c2024. |
||
| 300 | _a826p. ; | ||
| 650 |
_aLaw _935302 |
||
| 942 |
_2ddc _cBK |
||
| 999 |
_c613189 _d613189 |
||